[Event "16. Obert Int. Sant Martí 2014 Grupo B"]
[Site "Barcelona ESP"]
[Date "2014.07.13"]
[Round "1.72"]
[White "Kazmierczak, Ewa"]
[Black "Brandt, Stefan"]
[Result "1/2-1/2"]
[WhiteElo "1563"]
[BlackElo "1889"]
[PlyCount "163"]
[EventDate "2014.07.13"]
[EventType "swiss"]
[EventRounds "9"]
[EventCountry "ESP"]
[Source "lmi"]
[SourceDate "2014.07.13"]

1. e4 d5 2. exd5 Qxd5 3. Nc3 Qa5 4. d4 Nf6 5. Nf3 Bf5 6. Bd3 e6 7. Bxf5 Qxf5 8.
Ne2 c6 9. c3 Nbd7 10. Ng3 Qb5 11. Qe2 Be7 12. Qxb5 cxb5 13. Bd2 Nd5 14. O-O
N7b6 15. b3 O-O 16. Rac1 Rac8 17. Ne2 Rc7 18. Ne5 Rfc8 19. Rfd1 Ba3 20. Rb1 Bd6
21. Nd3 Kf8 22. Rbc1 f6 23. h3 Kf7 24. Re1 g5 25. Rb1 Rc6 26. Nb2 h6 27. Nd1
Re8 28. Ne3 Bf4 29. Nxf4 Nxf4 30. c4 bxc4 31. bxc4 Re7 32. c5 Nc8 33. Nc2 Nd5
34. Ne3 Nf4 35. Nc2 Ng6 36. Re3 e5 37. Nb4 Rd7 38. Nxc6 bxc6 39. Reb3 Rxd4 40.
Rb7+ Ke6 41. Be3 Ra4 42. R1b2 Nce7 43. Rc7 f5 44. f3 Kd5 45. Rd7+ Ke6 46. Rd6+
Kf7 47. Bf2 h5 48. Rbd2 Nf4 49. Rd7 Nfd5 50. Rb7 g4 51. Bh4 gxh3 52. Rxd5 Rxh4
53. Rdd7 hxg2 54. Rxe7+ Kf6 55. Rxa7 Rc4 56. Rf7+ Kg5 57. Kxg2 Kf4 58. Rh7 Rc2+
59. Kh3 Rc3 60. Rxh5 Rxf3+ 61. Kg2 Rg3+ 62. Kf2 Rf3+ 63. Kg2 Rg3+ 64. Kf2 Rf3+
65. Ke2 e4 66. a4 Rc3 67. Ra5 Kg4 68. Rh6 f4 69. Kd2 Rd3+ 70. Ke1 Kg3 71. Rxc6
e3 72. Rg6+ Kf3 73. c6 e2 74. Rg3+ fxg3 75. Rf5+ Ke4 76. Kxe2 Ra3 77. c7 Rc3
78. Rf7 Kd5 79. a5 Kd6 80. a6 Rxc7 81. Rxc7 Kxc7 82. Kf3 1/2-1/2

[Event "16. Obert Int. Sant Martí 2014 Grupo B"]
[Site "Barcelona ESP"]
[Date "2014.07.14"]
[Round "2.1"]
[White "Garcia Hernandez, Jose Luis"]
[Black "Hinarejos Montano, Andres"]
[Result "1-0"]
[WhiteElo "1700"]
[BlackElo "1837"]
[PlyCount "95"]
[EventDate "2014.07.13"]
[EventType "swiss"]
[EventRounds "9"]
[EventCountry "ESP"]
[Source "lmi"]
[SourceDate "2014.07.13"]

1. e4 e5 2. Nf3 d6 3. Nc3 c6 4. Bd3 Be7 5. O-O Nf6 6. b3 O-O 7. Bb2 h6 8. Be2
Bg4 9. d4 exd4 10. Nxd4 Bxe2 11. Qxe2 Re8 12. Rad1 Nbd7 13. f4 Qc7 14. Rd3 Kh7
15. Rg3 Bf8 16. Qd3 Nc5 17. Qc4 Ncxe4 18. Nxe4 Nxe4 19. Qd3 g6 20. Re3 d5 21.
f5 Bg7 22. fxg6+ fxg6 23. Ref3 Rf8 24. Ne6 Rxf3 25. Rxf3 Qd7 26. Nxg7 Rg8 27.
Qd4 c5 28. Qe5 Ng5 29. Rf4 d4 30. Qxc5 Rxg7 31. Qxd4 Qxd4+ 32. Bxd4 Rd7 33.
Bxa7 Rd1+ 34. Rf1 Rd7 35. Re1 Rd2 36. h4 Nf7 37. Re7 Kg7 38. Rc7 Kf6 39. Rxb7
Rxc2 40. a4 Ne5 41. Bd4 Kf5 42. Rb5 Kg4 43. Bxe5 Kxh4 44. Rb4+ Kg5 45. a5 Re2
46. Bg3 h5 47. a6 Re6 48. a7 1-0

[Event "16. Obert Int. Sant Martí 2014 Grupo B"]
[Site "Barcelona ESP"]
[Date "2014.07.14"]
[Round "2.2"]
[White "Olive Oller, Guim"]
[Black "Minhaz, Rashed"]
[Result "1/2-1/2"]
[WhiteElo "1989"]
[BlackElo "2086"]
[PlyCount "91"]
[EventDate "2014.07.13"]
[EventType "swiss"]
[EventRounds "9"]
[EventCountry "ESP"]
[Source "lmi"]
[SourceDate "2014.07.13"]

1. d4 d5 2. Nf3 Nf6 3. c4 e6 4. Bg5 Be7 5. Nc3 Nc6 6. e3 h6 7. Bh4 O-O 8. Rc1
a6 9. a3 dxc4 10. Bxc4 b5 11. Bd3 Bb7 12. Bb1 Rc8 13. Qd3 g6 14. b4 Nd5 15.
Nxd5 Bxh4 16. Nf4 Nxd4 17. exd4 Bxf3 18. gxf3 Qf6 19. Rg1 Bg5 20. Nxg6 fxg6 21.
h4 Kg7 22. hxg5 hxg5 23. Rc5 e5 24. Rxe5 Rfe8 25. Rgxg5 Qxg5 26. Kf1 Rxe5 27.
dxe5 Qc1+ 28. Ke2 Qc4 29. Ke3 Qxd3+ 30. Bxd3 c5 31. bxc5 Rxc5 32. Kd4 Rc1 33.
e6 Kf6 34. Be4 Rd1+ 35. Kc3 Kxe6 36. Bxg6 Rf1 37. Kb4 Ra1 38. Be4 Kd6 39. Bb7
Rb1+ 40. Ka5 Kc5 41. Bxa6 Ra1 42. Bxb5 Rxa3+ 43. Ba4 Ra2 44. f4 Rxf2 45. Bd7
Ra2+ 46. Ba4 1/2-1/2

[Event "16. Obert Int. Sant Martí 2014 Grupo B"]
[Site "Barcelona ESP"]
[Date "2014.07.14"]
[Round "2.3"]
[White "Sobrevia Castellar, Lluis"]
[Black "Cervello Tost, Roger"]
[Result "0-1"]
[WhiteElo "1975"]
[BlackElo "2084"]
[PlyCount "144"]
[EventDate "2014.07.13"]
[EventType "swiss"]
[EventRounds "9"]
[EventCountry "ESP"]
[Source "lmi"]
[SourceDate "2014.07.13"]

1. d4 d5 2. Nf3 Nf6 3. g3 e6 4. Bg2 c6 5. O-O Nbd7 6. Nbd2 Bd6 7. Re1 O-O 8. e4
dxe4 9. Nxe4 Nxe4 10. Rxe4 Nf6 11. Re2 Qc7 12. Bg5 Nd7 13. Qd3 b6 14. Rd1 Bb7
15. a3 h6 16. Be3 Rad8 17. c3 c5 18. Qc2 c4 19. Nd2 Bxg2 20. Kxg2 Nf6 21. f3
Nd5 22. Bf2 b5 23. Nf1 a5 24. Ne3 Rfe8 25. Nxd5 exd5 26. Rde1 Qd7 27. g4 Rxe2
28. Qxe2 b4 29. axb4 axb4 30. Bg3 Ra8 31. Bxd6 Qxd6 32. Qe5 Qxe5 33. Rxe5 Ra2
34. cxb4 c3 35. Re1 Rxb2+ 36. Kg3 Rxb4 37. Rc1 Rc4 38. Kf2 c2 39. Ke3 Rc3+ 40.
Ke2 g5 41. Kd2 Rxf3 42. Kxc2 Rf2+ 43. Kb3 Rd2 44. Rc8+ Kg7 45. Kc3 Rxh2 46. Rd8
Rg2 47. Rxd5 Rxg4 48. Re5 Kf6 49. Re1 Rg3+ 50. Kc4 Rg2 51. Kd5 h5 52. Ke4 Kg6
53. Rd1 Re2+ 54. Kf3 Re6 55. d5 Rd6 56. Ke4 f5+ 57. Ke5 Rd8 58. Rc1 Re8+ 59.
Kd6 g4 60. Kd7 Re4 61. Rd1 f4 62. d6 Ra4 63. Ke6 Re4+ 64. Kd5 Re8 65. d7 Rd8
66. Ke4 f3 67. Kf4 f2 68. Rd6+ Kf7 69. Rd1 Ke7 70. Kg3 Rxd7 71. Rh1 Rd2 72. Kg2
f1=Q+ 0-1

[Event "16. Obert Int. Sant Martí 2014 Grupo B"]
[Site "Barcelona ESP"]
[Date "2014.07.14"]
[Round "2.4"]
[White "Castellet Menchon, Didac"]
[Black "Peiron Lluch, Jose Daniel"]
[Result "1/2-1/2"]
[WhiteElo "2080"]
[BlackElo "1990"]
[PlyCount "34"]
[EventDate "2014.07.13"]
[EventType "swiss"]
[EventRounds "9"]
[EventCountry "ESP"]
[Source "lmi"]
[SourceDate "2014.07.13"]

1. e4 d5 2. exd5 Nf6 3. d4 Bg4 4. Nf3 Qxd5 5. Nc3 Qh5 6. Bb5+ c6 7. Be2 Nbd7 8.
Bf4 e6 9. Ne5 Bxe2 10. Qxe2 Qf5 11. Bg3 h5 12. h3 Bb4 13. O-O g5 14. Qd3 Qxd3
15. Nxd3 Bxc3 16. bxc3 Ne4 17. Rfb1 O-O-O 1/2-1/2

[Event "16. Obert Int. Sant Martí 2014 Grupo B"]
[Site "Barcelona ESP"]
[Date "2014.07.14"]
[Round "2.5"]
[White "Navarro Gutierrez, Andres Camilo"]
[Black "Perez Garcia, Adria"]
[Result "1/2-1/2"]
[WhiteElo "2078"]
[BlackElo "1979"]
[PlyCount "97"]
[EventDate "2014.07.13"]
[EventType "swiss"]
[EventRounds "9"]
[EventCountry "ESP"]
[Source "lmi"]
[SourceDate "2014.07.13"]

1. d4 d5 2. Nf3 Nf6 3. Bf4 Bf5 4. e3 e6 5. c4 c6 6. cxd5 exd5 7. Bd3 Bxd3 8.
Qxd3 Bd6 9. Bxd6 Qxd6 10. Nc3 Nbd7 11. O-O O-O 12. Rab1 a5 13. Rfc1 Rfe8 14.
Nd2 Ng4 15. Nf3 Ngf6 16. h3 Ne4 17. Nd2 f5 18. a3 Ndf6 19. Nf1 f4 20. Nxe4 Nxe4
21. f3 Nf6 22. Rc2 Re7 23. b4 axb4 24. axb4 fxe3 25. Nxe3 g6 26. b5 cxb5 27.
Rc5 Rae8 28. Nf1 Nh5 29. Qxb5 Nf4 30. Rb2 Ne2+ 31. Rxe2 Rxe2 32. Rxd5 Qc6 33.
Qxc6 bxc6 34. Rc5 R2e6 35. d5 cxd5 36. Rxd5 Re1 37. Rd2 R8e2 38. Rxe2 Rxe2 39.
Ng3 Ra2 40. Kh2 Kf7 41. Ne4 h6 42. Kg3 Ke6 43. h4 Ke5 44. Nf2 h5 45. Nh3 Ra4
46. Ng5 Kf5 47. Ne4 Ra2 48. Ng5 Ra4 49. Ne4 1/2-1/2

[Event "16. Obert Int. Sant Martí 2014 Grupo B"]
[Site "Barcelona ESP"]
[Date "2014.07.14"]
[Round "2.6"]
[White "Poyato Ruiz, Fernando"]
[Black "Aprea, Daniele"]
[Result "1-0"]
[WhiteElo "1968"]
[BlackElo "2077"]
[PlyCount "101"]
[EventDate "2014.07.13"]
[EventType "swiss"]
[EventRounds "9"]
[EventCountry "ESP"]
[Source "lmi"]
[SourceDate "2014.07.13"]

1. d4 e6 2. c4 f5 3. Nc3 Nf6 4. Nf3 Bb4 5. Bg5 Bxc3+ 6. bxc3 O-O 7. Qc2 d6 8.
e4 fxe4 9. Bxf6 Qxf6 10. Qxe4 Nc6 11. Bd3 g6 12. O-O e5 13. d5 Nb8 14. Qe3 Na6
15. Qh6 Nc5 16. Bc2 Bf5 17. Rac1 Nd3 18. Ng5 Qe7 19. Rb1 Nf4 20. Bxf5 Rxf5 21.
h4 b6 22. Rbe1 Raf8 23. Re3 Qg7 24. Qxg7+ Kxg7 25. g3 Rxg5 26. hxg5 Nh3+ 27.
Kg2 Nxg5 28. f4 Nf7 29. fxe5 Nxe5 30. Rxf8 Kxf8 31. Re4 h5 32. c5 Ke7 33. cxb6
axb6 34. Kf2 Kd7 35. Ke3 c5 36. Kf4 c4 37. Kg5 Ke7 38. Re1 Kd7 39. Rb1 Kc7 40.
Kf6 Ng4+ 41. Kxg6 Ne3 42. Kxh5 Nxd5 43. g4 Kd7 44. g5 Ke6 45. Rf1 Nxc3 46. g6
Nd5 47. g7 Ne7 48. Re1+ Kf7 49. Rxe7+ Kxe7 50. g8=Q b5 51. Qd5 1-0

[Event "16. Obert Int. Sant Martí 2014 Grupo B"]
[Site "Barcelona ESP"]
[Date "2014.07.14"]
[Round "2.7"]
[White "Corominas Garrido, Jordi"]
[Black "Ferres Saez, Joan"]
[Result "0-1"]
[WhiteElo "2077"]
[BlackElo "1965"]
[PlyCount "158"]
[EventDate "2014.07.13"]
[EventType "swiss"]
[EventRounds "9"]
[EventCountry "ESP"]
[Source "lmi"]
[SourceDate "2014.07.13"]

1. c4 e5 2. Nc3 Nf6 3. Nf3 Nc6 4. g3 Bb4 5. Bg2 Bxc3 6. bxc3 d6 7. O-O O-O 8.
Rb1 Rb8 9. Qc2 Be6 10. d3 h6 11. Nd2 Qd7 12. Ba3 Bh3 13. e4 b6 14. Qa4 Bxg2 15.
Kxg2 Rbd8 16. Rfe1 Rfe8 17. Nf1 h5 18. h4 Ng4 19. f3 Nh6 20. Bc1 Re6 21. Bg5 f6
22. Bxh6 gxh6 23. Ne3 Kh7 24. Rb2 Rg8 25. Nf5 Ree8 26. Kh2 a5 27. d4 Rd8 28.
Rg1 Ne7 29. Qxd7 Rxd7 30. Ne3 Rdd8 31. Rb5 Rdf8 32. c5 exd4 33. cxd4 Nc6 34.
Nf5 dxc5 35. dxc5 Ne5 36. Rf1 bxc5 37. Rxc5 Rf7 38. Rxa5 Rd8 39. Rf2 Rd3 40.
Kg2 Rfd7 41. Rc5 Ra3 42. Rd5 Rxd5 43. exd5 Nd3 44. Rd2 Ne1+ 45. Kf2 Nxf3 46.
Rc2 Ne5 47. Rxc7+ Kg6 48. Ne7+ Kf7 49. Nc6+ Kg6 50. Nxe5+ fxe5 51. d6 Rxa2+ 52.
Ke3 Ra6 53. Rd7 Kf5 54. Rf7+ Ke6 55. d7 Rd6 56. Rh7 Rxd7 57. Rxh6+ Kd5 58. Rxh5
Rf7 59. g4 Rf4 60. Rg5 Re4+ 61. Kf3 Rf4+ 62. Kg3 Ke4 63. h5 Rf3+ 64. Kh4 Rf1
65. Rg6 Ke3 66. Kg5 e4 67. h6 Rh1 68. Re6 Kf3 69. Kf5 e3 70. g5 e2 71. Kg6 e1=Q
72. Rxe1 Rxe1 73. h7 Rh1 74. Kg7 Kg4 75. g6 Kg5 76. Kf7 Rf1+ 77. Kg8 Ra1 78.
Kf7 Rf1+ 79. Ke7 Re1+ 0-1

[Event "16. Obert Int. Sant Martí 2014 Grupo B"]
[Site "Barcelona ESP"]
[Date "2014.07.14"]
[Round "2.8"]
[White "Vicente Soriano, Josep"]
[Black "Andreu Termes, Frederic"]
[Result "0-1"]
[WhiteElo "1962"]
[BlackElo "2076"]
[PlyCount "46"]
[EventDate "2014.07.13"]
[EventType "swiss"]
[EventRounds "9"]
[EventCountry "ESP"]
[Source "lmi"]
[SourceDate "2014.07.13"]

1. e4 g6 2. d4 Bg7 3. f4 d6 4. Nf3 Nd7 5. Be2 e6 6. O-O Ne7 7. Be3 b6 8. c3 Bb7
9. Nbd2 Nf6 10. Bd3 Ng4 11. Bf2 Nxf2 12. Rxf2 O-O 13. Qc2 Qd7 14. Nf1 c5 15.
dxc5 dxc5 16. Rd1 Qc7 17. f5 c4 18. Nd4 cxd3 19. Qxd3 Bxd4 20. cxd4 exf5 21.
exf5 Nxf5 22. Rxf5 gxf5 23. Qxf5 Qc6 0-1

[Event "16. Obert Int. Sant Martí 2014 Grupo B"]
[Site "Barcelona ESP"]
[Date "2014.07.14"]
[Round "2.9"]
[White "Garcia Espelta, Josep"]
[Black "Torres Julian, Marc"]
[Result "1-0"]
[WhiteElo "2072"]
[BlackElo "1959"]
[PlyCount "65"]
[EventDate "2014.07.13"]
[EventType "swiss"]
[EventRounds "9"]
[EventCountry "ESP"]
[Source "lmi"]
[SourceDate "2014.07.13"]

1. e4 e5 2. Nf3 Nc6 3. Bb5 Nf6 4. Qe2 Bc5 5. d3 Nd4 6. Nxd4 Bxd4 7. c3 Bb6 8.
Bg5 c6 9. Ba4 O-O 10. Nd2 d6 11. O-O-O Be6 12. Kb1 a5 13. Rdf1 h6 14. Bh4 Bc7
15. d4 b5 16. Bc2 b4 17. f4 bxc3 18. bxc3 Qb8+ 19. Ka1 Bd8 20. fxe5 dxe5 21.
Qd3 exd4 22. cxd4 Ne8 23. Bg3 Bc7 24. e5 g6 25. h4 h5 26. Ne4 Qd8 27. Bf4 Bf5
28. Bg5 Bxe4 29. Qxe4 Qd5 30. Qxd5 cxd5 31. Be7 Bb6 32. Rf4 Rc8 33. Kb1 1-0

[Event "16. Obert Int. Sant Martí 2014 Grupo B"]
[Site "Barcelona ESP"]
[Date "2014.07.14"]
[Round "2.10"]
[White "Vargas Drechsler, Carlos"]
[Black "Catarineu Rabell, Manel"]
[Result "1-0"]
[WhiteElo "1958"]
[BlackElo "2071"]
[PlyCount "49"]
[EventDate "2014.07.13"]
[EventType "swiss"]
[EventRounds "9"]
[EventCountry "ESP"]
[Source "lmi"]
[SourceDate "2014.07.13"]

1. d4 Nf6 2. Nf3 e6 3. c4 b6 4. g3 Bb7 5. Bg2 Bb4+ 6. Nbd2 O-O 7. O-O d5 8. a3
Be7 9. b4 a5 10. Rb1 axb4 11. axb4 dxc4 12. Nxc4 Be4 13. Rb2 b5 14. Nce5 Ra4
15. Nd3 Nc6 16. Nc5 Bxc5 17. dxc5 Qxd1 18. Rxd1 Rxb4 19. Rxb4 Nxb4 20. Bb2 Na6
21. Nd4 Bxg2 22. Kxg2 Nxc5 23. Ba3 Nfd7 24. Rc1 Rd8 25. Nc6 1-0

[Event "16. Obert Int. Sant Martí 2014 Grupo B"]
[Site "Barcelona ESP"]
[Date "2014.07.14"]
[Round "2.11"]
[White "Jimenez Martinez, Xavier"]
[Black "Pallares Gurrea, Aitor Alexander"]
[Result "1/2-1/2"]
[WhiteElo "2066"]
[BlackElo "1956"]
[PlyCount "83"]
[EventDate "2014.07.13"]
[EventType "swiss"]
[EventRounds "9"]
[EventCountry "ESP"]
[Source "lmi"]
[SourceDate "2014.07.13"]

1. Nf3 Nf6 2. g3 d5 3. Bg2 c6 4. O-O Nbd7 5. d3 Qc7 6. Nbd2 e5 7. e4 dxe4 8.
dxe4 Be7 9. b3 O-O 10. Bb2 Rd8 11. Qe2 b5 12. a4 a5 13. Rfc1 Ba6 14. Qe1 Bb4
15. c3 Bc5 16. h3 Bb6 17. Bf1 bxa4 18. b4 Qb7 19. Bxa6 Rxa6 20. Rxa4 Rda8 21.
Nc4 Bc7 22. Rca1 axb4 23. Rxb4 Qc8 24. Rb1 c5 25. Rb5 Ra4 26. Qe2 Qa6 27. Bc1
Qe6 28. Nfd2 Qxh3 29. Rb7 R4a7 30. R7b3 h5 31. Qf1 Qg4 32. Ne3 Qg6 33. Nf5 Kf8
34. f3 h4 35. g4 Qh7 36. Qd3 h3 37. Nc4 h2+ 38. Kh1 Ra2 39. Bd2 Qh3 40. Qf1 Qh7
41. Qd3 Qh3 42. Qf1 1/2-1/2

[Event "16. Obert Int. Sant Martí 2014 Grupo B"]
[Site "Barcelona ESP"]
[Date "2014.07.14"]
[Round "2.12"]
[White "Calafell Marques, Josep"]
[Black "Cardenas, Fernando Adrian"]
[Result "0-1"]
[WhiteElo "1950"]
[BlackElo "2060"]
[PlyCount "104"]
[EventDate "2014.07.13"]
[EventType "swiss"]
[EventRounds "9"]
[EventCountry "ESP"]
[Source "lmi"]
[SourceDate "2014.07.13"]

1. e4 c5 2. Nc3 e6 3. Nf3 Nc6 4. g3 Nf6 5. Bg2 d5 6. exd5 Nxd5 7. Nxd5 Qxd5 8.
O-O Be7 9. d3 O-O 10. Bf4 Qd8 11. Re1 Bf6 12. Rb1 Bd7 13. Bd6 Be7 14. Bxe7 Qxe7
15. Ne5 Nxe5 16. Rxe5 Qd6 17. Qe1 Bc6 18. Bxc6 Qxc6 19. Qc3 Rac8 20. Rbe1 Rfd8
21. b3 Rd4 22. R1e4 Rxe4 23. Rxe4 f6 24. Qc4 Kf7 25. f4 b5 26. Qc3 Rd8 27. Qe1
Rd5 28. a4 a6 29. axb5 axb5 30. Qf2 Rd8 31. Qg2 Ra8 32. Re2 Ra1+ 33. Kf2 Qxg2+
34. Kxg2 Ke7 35. Rd2 Kd6 36. d4 c4 37. bxc4 bxc4 38. c3 Rc1 39. Ra2 Rxc3 40.
Ra8 Rd3 41. Rd8+ Ke7 42. Rc8 Rxd4 43. Kf3 Kd7 44. Rc5 Kd6 45. Rc8 Kd5 46. Ke3
Rd3+ 47. Ke2 Ra3 48. Kd2 Ra2+ 49. Kc3 Rxh2 50. Rd8+ Ke4 51. Kxc4 Rc2+ 52. Kb3
Rg2 0-1

[Event "16. Obert Int. Sant Martí 2014 Grupo B"]
[Site "Barcelona ESP"]
[Date "2014.07.14"]
[Round "2.13"]
[White "Rodriguez Llorens, Jorge"]
[Black "Garcia Punzano, Josep Lluis"]
[Result "1-0"]
[WhiteElo "2059"]
[BlackElo "1950"]
[PlyCount "85"]
[EventDate "2014.07.13"]
[EventType "swiss"]
[EventRounds "9"]
[EventCountry "ESP"]
[Source "lmi"]
[SourceDate "2014.07.13"]

1. e4 c5 2. Nf3 d6 3. d4 cxd4 4. Nxd4 Nf6 5. Nc3 e5 6. Nb3 Be7 7. Be2 Nc6 8.
O-O O-O 9. Be3 Be6 10. a3 d5 11. exd5 Nxd5 12. Nxd5 Qxd5 13. Qe1 Bf5 14. Rd1
Qe6 15. Qc3 Qg6 16. Rd2 Bh3 17. Bf3 e4 18. Bxe4 Qxe4 19. gxh3 Ne5 20. Nd4 Rac8
21. Qb3 Nc4 22. Re2 Bf6 23. Qd3 Qd5 24. Qf5 Nxe3 25. fxe3 Qxf5 26. Nxf5 Rc5 27.
c3 Re8 28. Nh6+ Kf8 29. Ng4 Bg5 30. e4 h5 31. Nf2 Rce5 32. Kg2 Bh4 33. Kf3 f5
34. Nd3 Rxe4 35. Rxe4 Rxe4 36. Nc5 Re7 37. Rd1 b6 38. Nb3 Bf6 39. Nd4 Kf7 40.
Nxf5 Rc7 41. Nd6+ Ke6 42. Ne8 Kf7 43. Nxc7 1-0

[Event "16. Obert Int. Sant Martí 2014 Grupo B"]
[Site "Barcelona ESP"]
[Date "2014.07.14"]
[Round "2.14"]
[White "Escofet Llongueras, Joan"]
[Black "Fernandez Martin, Javier"]
[Result "1-0"]
[WhiteElo "1947"]
[BlackElo "2058"]
[PlyCount "77"]
[EventDate "2014.07.13"]
[EventType "swiss"]
[EventRounds "9"]
[EventCountry "ESP"]
[Source "lmi"]
[SourceDate "2014.07.13"]

1. c4 Nf6 2. Nc3 c5 3. g3 d5 4. cxd5 Nxd5 5. Bg2 Nc7 6. Nf3 Nc6 7. O-O e5 8. b3
Be7 9. Bb2 Bd7 10. Rc1 f6 11. e3 Bg4 12. Ne2 Ne6 13. h3 Bh5 14. g4 Bg6 15. d4
cxd4 16. exd4 Nf4 17. Nxf4 exf4 18. Nh4 Bf7 19. Nf5 O-O 20. d5 Ne5 21. d6 Bxd6
22. Qxd6 f3 23. Bh1 Qxd6 24. Nxd6 Bd5 25. Rfd1 Bc6 26. Nc4 Nxc4 27. Rxc4 Rfe8
28. Rf4 Re2 29. Bc1 Rae8 30. Be3 Rxa2 31. Bxf3 Bb5 32. Bd5+ Kh8 33. Bxb7 Rb2
34. b4 a6 35. Rfd4 g6 36. Rd8 Rxb4 37. Rxe8+ Bxe8 38. Bxa6 Bc6 39. Bf1 1-0

[Event "16. Obert Int. Sant Martí 2014 Grupo B"]
[Site "Barcelona ESP"]
[Date "2014.07.14"]
[Round "2.15"]
[White "Fabregas Fontanet, Antoni"]
[Black "Perez Garcia, Jose Miguel"]
[Result "1-0"]
[WhiteElo "2051"]
[BlackElo "1945"]
[PlyCount "79"]
[EventDate "2014.07.13"]
[EventType "swiss"]
[EventRounds "9"]
[EventCountry "ESP"]
[Source "lmi"]
[SourceDate "2014.07.13"]

1. e4 c6 2. d4 d5 3. Nc3 dxe4 4. Nxe4 Bf5 5. Ng3 Bg6 6. Bc4 e6 7. N1e2 Bd6 8.
Bf4 Bxf4 9. Nxf4 Qd6 10. Qd2 Nd7 11. h4 Ne7 12. h5 Bf5 13. O-O-O Nb6 14. Bb3 a5
15. a3 a4 16. Ba2 Nbd5 17. Nxf5 Nxf5 18. Bxd5 cxd5 19. g4 Ne7 20. Rde1 h6 21.
Nd3 Nc6 22. Ne5 Na5 23. Qf4 O-O 24. g5 hxg5 25. Qxg5 f6 26. Qg6 fxe5 27. h6 Rf7
28. h7+ Kh8 29. Qxf7 Rf8 30. dxe5 Qc5 31. Qxe6 Nb3+ 32. Kb1 Nd2+ 33. Ka1 Qxc2
34. Qxd5 Nb3+ 35. Ka2 Qc8 36. e6 Rd8 37. e7 Re8 38. Qg8+ Rxg8 39. hxg8=Q+ Kxg8
40. e8=Q+ 1-0

[Event "16. Obert Int. Sant Martí 2014 Grupo B"]
[Site "Barcelona ESP"]
[Date "2014.07.14"]
[Round "2.16"]
[White "Volart Buil, Jordi"]
[Black "Liarte Genoves, Sergi"]
[Result "1-0"]
[WhiteElo "1943"]
[BlackElo "2051"]
[PlyCount "67"]
[EventDate "2014.07.13"]
[EventType "swiss"]
[EventRounds "9"]
[EventCountry "ESP"]
[Source "lmi"]
[SourceDate "2014.07.13"]

1. d4 Nf6 2. c4 e5 3. a3 a5 4. Nc3 exd4 5. Qxd4 Nc6 6. Qd1 Bc5 7. Bf4 O-O 8. e3
d6 9. Nf3 Re8 10. Be2 Ne7 11. O-O Be6 12. Nd4 Ng6 13. Nxe6 fxe6 14. Bg3 c6 15.
Bf3 d5 16. Na4 Ba7 17. c5 Ne7 18. Qc2 Nf5 19. Rad1 Nxg3 20. hxg3 Qc7 21. Rd4 b5
22. cxb6 Bxb6 23. Nxb6 Qxb6 24. Rc1 Rec8 25. b4 e5 26. Rh4 g5 27. bxa5 Qxa5 28.
Rb4 Qxa3 29. Rb7 e4 30. Bd1 Qa6 31. Rcb1 Qd3 32. Qb2 Rf8 33. Qe5 h6 34. Qe7 1-0

[Event "16. Obert Int. Sant Martí 2014 Grupo B"]
[Site "Barcelona ESP"]
[Date "2014.07.14"]
[Round "2.17"]
[White "Dougas Chavarria, Nestor"]
[Black "Tortosa Moros, Joan"]
[Result "1-0"]
[WhiteElo "2050"]
[BlackElo "1941"]
[PlyCount "67"]
[EventDate "2014.07.13"]
[EventType "swiss"]
[EventRounds "9"]
[EventCountry "ESP"]
[Source "lmi"]
[SourceDate "2014.07.13"]

1. d4 Nf6 2. Bg5 e6 3. e4 Be7 4. Nc3 Nd5 5. Bxe7 Nxe7 6. Bd3 b6 7. Qe2 Bb7 8.
f4 Ng6 9. g3 f5 10. exf5 Bxh1 11. fxg6 h6 12. O-O-O O-O 13. Nh3 Bb7 14. Qh5 Ba6
15. Be4 c6 16. d5 exd5 17. Nxd5 Bb7 18. Nc3 Na6 19. Ng5 Qe7 20. Nf7 Qc5 21. f5
d5 22. Bd3 Qe3+ 23. Kb1 Nb4 24. f6 Nxd3 25. Rxd3 Qe1+ 26. Rd1 Qe3 27. fxg7 Rxf7
28. gxf7+ Kxg7 29. Rf1 Qg5 30. Qf3 Rf8 31. Ne2 Qg6 32. Nf4 Qe4 33. Qxe4 dxe4
34. Ne6+ 1-0

[Event "16. Obert Int. Sant Martí 2014 Grupo B"]
[Site "Barcelona ESP"]
[Date "2014.07.14"]
[Round "2.18"]
[White "Romero Funieles, Rafael De Jesus"]
[Black "Delgado Camara, Luis Felix"]
[Result "0-1"]
[WhiteElo "1939"]
[BlackElo "2047"]
[PlyCount "68"]
[EventDate "2014.07.13"]
[EventType "swiss"]
[EventRounds "9"]
[EventCountry "ESP"]
[Source "lmi"]
[SourceDate "2014.07.13"]

1. d4 e6 2. Nf3 d5 3. e3 f5 4. Ne5 Nf6 5. Be2 Bd6 6. Bh5+ g6 7. Bf3 Nbd7 8.
Nxd7 Bxd7 9. Nd2 Qe7 10. a3 e5 11. dxe5 Bxe5 12. O-O O-O 13. c4 c6 14. cxd5
cxd5 15. Nb3 Bc6 16. Nd4 Ne4 17. Bxe4 fxe4 18. f4 exf3 19. Nxf3 Bg7 20. Re1
Rae8 21. Rb1 Qe4 22. Bd2 d4 23. exd4 Bxd4+ 24. Kh1 Qg4 25. Rxe8 Rxe8 26. Qf1
Bd5 27. Nxd4 Qxd4 28. Bc3 Qg4 29. Re1 Rf8 30. Qg1 Rf5 31. Bb4 Rg5 32. Re8+ Kg7
33. Re7+ Kh6 34. Bd2 Bxg2+ 0-1

[Event "16. Obert Int. Sant Martí 2014 Grupo B"]
[Site "Barcelona ESP"]
[Date "2014.07.14"]
[Round "2.19"]
[White "Minguell Soler, Joan"]
[Black "Baltasar Diaz, Vicente"]
[Result "1-0"]
[WhiteElo "2046"]
[BlackElo "1932"]
[PlyCount "63"]
[EventDate "2014.07.13"]
[EventType "swiss"]
[EventRounds "9"]
[EventCountry "ESP"]
[Source "lmi"]
[SourceDate "2014.07.13"]

1. d4 d5 2. c4 e6 3. Nc3 Nf6 4. Bg5 Be7 5. e3 O-O 6. Nf3 Nbd7 7. cxd5 exd5 8.
Qc2 c6 9. Bd3 h6 10. Bh4 Re8 11. O-O Ne4 12. Bxe7 Qxe7 13. Rab1 Nxc3 14. bxc3
b5 15. Rfe1 Nf6 16. Ne5 Qd6 17. f3 Nd7 18. Nxd7 Bxd7 19. e4 dxe4 20. fxe4 Re7
21. Rf1 Be6 22. e5 Qa3 23. Rf2 a6 24. Rbf1 Rd8 25. Bh7+ Kh8 26. Be4 Rc7 27. Qd2
Bc4 28. Rd1 Bd5 29. Bb1 Be6 30. Qd3 g6 31. Qf3 c5 32. Qf6+ 1-0

[Event "16. Obert Int. Sant Martí 2014 Grupo B"]
[Site "Barcelona ESP"]
[Date "2014.07.14"]
[Round "2.20"]
[White "Ji, Pablo"]
[Black "Petit Montes, Marc"]
[Result "1/2-1/2"]
[WhiteElo "1931"]
[BlackElo "2040"]
[PlyCount "97"]
[EventDate "2014.07.13"]
[EventType "swiss"]
[EventRounds "9"]
[EventCountry "ESP"]
[Source "lmi"]
[SourceDate "2014.07.13"]

1. e4 c6 2. d4 d5 3. e5 Bf5 4. Nf3 e6 5. Be2 Nd7 6. Be3 Ne7 7. Nbd2 c5 8. c4
dxc4 9. Nxc4 Nc6 10. O-O cxd4 11. Bxd4 Be7 12. Bc3 O-O 13. Re1 Nc5 14. Nd4 Nxd4
15. Bxd4 Nd3 16. Bxd3 Qxd4 17. Bxf5 Qxc4 18. Be4 Rfd8 19. Qh5 g6 20. Qf3 Rab8
21. Rac1 Qb4 22. b3 b6 23. g3 Rbc8 24. Qf4 Rxc1 25. Rxc1 Bc5 26. h4 Rd2 27. Rf1
Rd4 28. a3 Qd2 29. Qf3 Bxa3 30. h5 gxh5 31. Kg2 Qg5 32. Rh1 Qxe5 33. Bxh7+ Kf8
34. Rxh5 f5 35. Qa8+ Ke7 36. Qxa7+ Kf6 37. Rh6+ Kg5 38. f4+ Rxf4 39. gxf4+ Kxf4
40. Rh4+ Kg5 41. Qxa3 Qe2+ 42. Kg3 Qe3+ 43. Kg2 Qe2+ 44. Kg3 Qe1+ 45. Kf3 Qf1+
46. Kg3 f4+ 47. Rxf4 Qxf4+ 48. Kg2 Qd2+ 49. Kf3 1/2-1/2